| 000 | 004690000a22001690004500 | ||
|---|---|---|---|
| 003 | MACL | ||
| 005 | 20151222123558.0 | ||
| 008 | 151222b xxu||||| |||| 00| 0 eng d | ||
| 040 |
_aMACL _cMACL |
||
| 041 | _aEnglish | ||
| 082 | _a200/KEI | ||
| 100 |
_aKeith, Berriedale _921844 |
||
| 245 |
_aThe Veda of The Black Yajus School _bHarvard Oriental Series Vol 19 |
||
| 260 |
_bThe Harvard University Press _c1914 |
||
| 650 |
_aReligion _921846 |
||
| 942 |
_cBK _k200/KEI _2ddc |
||
| 999 |
_c40915 _d40915 |
||